000
00313nam a2200121Ia 4500
008
190216s9999||||xx |||||||||||||| ||und||
100
_a
Prasanna Chandra
245
0
_a
Funadamentals Of Finanacial Management
260
_b
Tata Mcgrawhill Publishers
_c
1993
300
_a
30.13p[
650
_a
Commerce
942
_c
BK
999
_c
6217
_d
6217